Т. 164, вып. 4 : К 95-летию Людмилы Андреевны Прозоровой; Журнал экспериментальной и теоретической физики

Détails bibliographiques
Parent link:Российская академия наук. Журнал экспериментальной и теоретической физики=ЖЭТФ/ Российская академия наук (РАН) ; Отделение физических наук РАН. Т. 164, вып. 4 : К 95-летию Людмилы Андреевны Прозоровой.— .— Москва: Наука, 1931-.— 0044-4510
Résumé:К 95-летию Людмилы Андреевны Прозоровой
Текстовый файл
Langue:russe
Publié: 2023
Accès en ligne:https://sciencejournals.ru/view-issue/?j=jetf&y=2023&v=164&n=4
Format: Électronique Livre
KOHA link:https://koha.lib.tpu.ru/cgi-bin/koha/opac-detail.pl?biblionumber=672327

MARC

LEADER 00000nam2a2200000 4500
001 672327
005 20240416184600.0
090 |a 672327 
100 |a 20240416d2023 k||y0rusy50 ca 
101 0 |a rus 
102 |a RU 
105 |a a ||z 011yb 
135 |a drcn ---uucaa 
181 0 |a i   |b  e 
182 0 |a b 
183 |a cr  |2 RDAcarrier 
200 0 |a Т. 164, вып. 4 : К 95-летию Людмилы Андреевны Прозоровой 
203 |a Текст  |c электронный  |b визуальный 
210 |d 2023 
283 |a online_resource  |2 RDAcarrier 
300 |a К 95-летию Людмилы Андреевны Прозоровой 
320 |a Библиография в конце статей 
336 |a Текстовый файл 
461 1 |0 380425  |t Журнал экспериментальной и теоретической физики  |l ЖЭТФ  |f Российская академия наук (РАН) ; Отделение физических наук РАН  |v Т. 164, вып. 4 : К 95-летию Людмилы Андреевны Прозоровой  |d 1931-  |9 380425  |a Российская академия наук  |c Москва  |n Наука  |x 0044-4510 
801 2 |a RU  |b 63413507  |c 20240416  |g RCR 
850 |a 63413507 
856 4 0 |u https://sciencejournals.ru/view-issue/?j=jetf&y=2023&v=164&n=4  |z https://sciencejournals.ru/view-issue/?j=jetf&y=2023&v=164&n=4 
942 |c CR